RAN commissioned officer ranks - Statistics

General Stats
  • This quiz has been taken 13 times
    6 since last reset
  • The average score is 8 of 12
Answer Stats
Hint Answer % Correct
4 lieutenant
100%
2 acting sub lieutenant
75%
11 admiral
75%
6 commander
75%
8 commodore
75%
1 midshipmen
75%
9 rear admiral
75%
3 sub lieutenant
75%
12 admiral of the fleet
50%
7 captain
50%
5 lieutenant commader
25%
10 (CRN) vice admiral michael noonan
25%
No matching quizzes found
Score Distribution
Percent of People with Each Score
Percentile by Number Answered
Your Score History
You have not taken this quiz since the last reset